| 000 | 01213nam a2200337 i 4500 | ||
|---|---|---|---|
| 001 | 184869 | ||
| 003 | ES-MaACL | ||
| 005 | 20250603171335.0 | ||
| 008 | 160210s2011 sp |||| | spa d | ||
| 020 | _a978-84-15056-38-6 | ||
| 080 | _a004.738.5:35(460) | ||
| 080 | _a34(460)"20":004.738.5 | ||
| 100 | 1 |
_aLinares Gil, Maximino I. _9158731 |
|
| 245 | 1 | 0 |
_aAdministración electrónica / _c[coordinador, Alfonso Melón Muñoz ; autor, Maximino I. Linares Gil]. |
| 246 | 3 | 0 | _aAdministración electrónica |
| 250 | _aAct. a 1 de abril de 2011. | ||
| 260 |
_aMadrid : _bFrancis Lefebvre, _c2011. |
||
| 300 |
_a309 p. ; _c24 cm. |
||
| 490 | 1 | _aMemento experto | |
| 500 | _aAnexo legislativo. | ||
| 500 | _aÍndice. | ||
| 650 | 4 |
_aInternet en la administración pública. _9143243 |
|
| 650 | 4 |
_aInternet- _vLegislación. _9158743 |
|
| 651 | 7 |
_aEspaña- _xAdministración _2 _9148152 |
|
| 700 | 1 |
_aMelón Muñoz, Alfonso. _9158698 |
|
| 710 | 2 |
_aEdiciones Francis Lefebvre. _9158696 |
|
| 830 | 0 |
_aMemento experto _9192246 |
|
| 852 |
_aES-MaACL _jA-15203 _9 191884 _bR.151087 _cDEPO1 _dOlim: L 004.738.5 LIN adm _dOlim: Meseton _hDonacion: Editorial |
||
| 942 | _2udc | ||
| 999 |
_c184869 _d184869 |
||